| 000 | 00958nam a2200253 a 4500 | ||
|---|---|---|---|
| 001 | adlib96000001 | ||
| 003 | ViArRB | ||
| 005 | 200902210153555.7 | ||
| 008 | 960221s1955 dcuabcdjdbkoqu001 0deng d | ||
| 020 | _a | ||
| 022 | _a | ||
| 040 | _aAdlib | ||
| 082 | _a54.022 | ||
| 245 | _aStructural chemistry and molecular biology | ||
| 250 | _a | ||
| 260 |
_aSan Francisco _bW H Freeman _c1968 |
||
| 300 |
_a907p. _c |
||
| 500 | _a Dedicated to Linus Pauling | ||
| 100 |
_aRich, Alexander _eed. by |
||
| 700 |
_aDavidson, Norman _a |
||
| 942 | _cBK | ||
| 653 |
_aChemistry _aSpectroscopy _aBiochemistry _aSpectrum analysis _aAcids _aBases- chemistry _aPhysical science _aScience _aChemistry _aSpectroscopy _aBiochemistry _aSpectrum analysis _aAcids _aBases- chemistry _aPhysical science _aScience _aChemical technology _aChemical engineering _aBiotechnology |
||
| 952 |
_w2010-06-16 _p00018795 _r2010-06-16 _40 _00 _bUL _10 _o54.022 RIC _d2010-06-16 _70 _yBK _aUL |
||
| 999 |
_c14707 _d14706 |
||